000 00381 a2200169 4500
001 72905
020 _a8532258980
040 _cAnchieta - Colégio São Paulo
100 _aGarcia, Ledonias Franco
240 1 0 _aEstudos de história
_lpor
245 1 0 _aEstudos de história
300 _a191
362 0 _a2006
440 1 _aFTD
650 4 _aHistória do mundo
942 _cBK
999 _c72905
_d72905